[Event "ESP-chT CECLUB Div2"]
[Site "Linares"]
[Date "2016.08.16"]
[Round "1"]
[White "Del Valle Rosas, Alfonso"]
[Black "Blasco de la Cruz, Luis"]
[Result "1-0"]
[WhiteElo "1919"]
[BlackElo "1951"]
[PlyCount "113"]
[EventDate "2016.08.16"]
[EventType "team"]
[EventRounds "6"]
[EventCountry "ESP"]
[SourceTitle "CBM 174 Extra"]
[Source "ChessBase"]
[SourceDate "2016.10.10"]
[SourceVersion "1"]
[SourceVersionDate "2016.10.10"]
[SourceQuality "1"]
[WhiteTeam "Grupo 64"]
[BlackTeam "Villalba 64"]
[WhiteTeamCountry "ESP"]
[BlackTeamCountry "ESP"]

1. Nf3 d5 2. g3 Nf6 3. Bg2 e6 4. d4 Be7 5. 0-0 0-0 6. c4 c6 7. Qc2 b6 8. Nbd2 Bb7 9. e4 dxe4 10. Nxe4 Nbd7 11. Rd1 Nxe4 12. Qxe4 Nf6 13. Qe2 Rc8 14. Bf4 Re8 15. Ne5 Bf8 16. Bg5 h6 17. Bxf6 Qxf6 18. Nd7 Qe7 19. Nxf8 Qxf8 20. c5 Red8 21. b4 Qe7 22. Qe5 Qc7 23. f4 Rd7 24. Qxc7 Rdxc7 25. Rd3 Ba6 26. Ra3 Bb5 27. Rd1 Rd7 28. Kf2 bxc5 29. bxc5 Bc4 30. Ra4 Bb5 31. Rb4 Ba6 32. Ke3 Kf8 33. Rdb1 Rcc7 34. Rb8+ Rc8 35. Bxc6 Rdc7 36. Rxc8+ Bxc8 37. Be4 Ke7 38. Kd3 g6 39. h4 h5 40. Rb8 Kd7 41. Kc3 Ba6 42. Bd3 Bb7 43. Bb5+ Ke7 44. Kc4 Bd5+ 45. Kb4 Bxa2 46. Re8+ Kf6 47. c6 Bd5 48. Kc5 a5 49. Kb6 Bxc6 50. Bxc6 Re7 51. Rxe7 Kxe7 52. Kxa5 Kd6 53. Kb6 f6 54. Be8 e5 55. dxe5+ fxe5 56. fxe5+ Kxe5 57. Bxg6 1-0

[Event "ESP-ch rapid"]
[Site "Linares"]
[Date "2016.08.14"]
[Round "1"]
[White "Del Valle Rosas, Alfonso"]
[Black "Alvarado Diaz, Alejandro"]
[Result "0-1"]
[WhiteElo "1919"]
[BlackElo "2441"]
[PlyCount "40"]
[EventDate "2016.08.14"]
[EventType "swiss (rapid)"]
[EventRounds "9"]
[EventCountry "ESP"]
[SourceTitle "CBM 173 Extra"]
[Source "ChessBase"]
[SourceDate "2016.08.29"]
[SourceVersion "1"]
[SourceVersionDate "2016.08.29"]
[SourceQuality "1"]

1. Nf3 c5 2. g3 Nc6 3. Bg2 g6 4. 0-0 Bg7 5. c4 d6 6. Nc3 Bf5 7. d3 Qd7 8. Re1 Bh3 9. Bh1 h5 10. Ng5 h4 11. Nxh3 hxg3 12. hxg3 Qxh3 13. Bg2 Qh2+ 14. Kf1 Nf6 15. e3 0-0-0 16. Qa4 Ng4 17. Qb5 Rd7 18. Ne4 Qh5 19. a4 Nh2+ 20. Kg1 Nb8 0-1

[Event "Benidorm op U2300 12th"]
[Site "Benidorm"]
[Date "2013.12.06"]
[Round "9"]
[White "Del Valle Rosas, Alfonso"]
[Black "Cardenas Serrano, Sergio"]
[Result "0-1"]
[WhiteElo "2008"]
[BlackElo "2094"]
[PlyCount "60"]
[EventDate "2013.11.29"]
[EventType "swiss"]
[EventRounds "10"]
[EventCountry "ESP"]
[SourceTitle "CBM 157 Extra"]
[Source "ChessBase"]
[SourceDate "2013.12.19"]
[SourceVersion "1"]
[SourceVersionDate "2013.12.19"]
[SourceQuality "1"]

1. d4 Nf6 2. c4 c5 3. d5 e5 4. g3 d6 5. Nc3 Be7 6. Bg2 0-0 7. e4 Ne8 8. Nge2 g6 9. 0-0 f5 10. f4 Nd7 11. Be3 Ndf6 12. fxe5 dxe5 13. Kh1 h6 14. exf5 Bxf5 15. d6 Nxd6 16. Nd5 Be4 17. Bxe4 Ndxe4 18. Qd3 Nxd5 19. Qxe4 Nxe3 20. Qxe3 Qd6 21. Rad1 Qc6+ 22. Kg1 e4 23. Nc3 Bf6 24. Nd5 Rae8 25. Nxf6+ Rxf6 26. Rd5 Rf3 27. Qe2 Qf6 28. Rfd1 e3 29. Rd6 Qf5 30. R6d5 Qe4 0-1

[Event "Oviedo Fapa op"]
[Site "Oviedo"]
[Date "2010.01.05"]
[Round "9"]
[White "Del Valle Rosas, Alfonso"]
[Black "Martinez Otero, Daniel"]
[Result "1-0"]
[WhiteElo "1789"]
[BlackElo "1813"]
[PlyCount "51"]
[EventDate "2009.12.26"]
[EventType "swiss"]
[EventRounds "9"]
[EventCountry "ESP"]
[SourceTitle "CBM 134 Extra"]
[Source "ChessBase"]
[SourceDate "2010.03.03"]
[SourceVersion "1"]
[SourceVersionDate "2010.03.03"]
[SourceQuality "1"]

1. c4 e6 2. Nc3 d5 3. cxd5 exd5 4. d4 Nf6 5. Bg5 Be7 6. e3 0-0 7. Bd3 Nbd7 8. Nf3 b6 9. 0-0 Bb7 10. Qc2 h6 11. Bf4 c5 12. Rfd1 Nh5 13. Be5 Nxe5 14. dxe5 g5 15. Bh7+ Kh8 16. Be4 Qe8 17. Nxd5 Bxd5 18. Rxd5 Rd8 19. Rad1 Ng7 20. Rxd8 Bxd8 21. Bc6 Qxc6 22. Rd6 Qxd6 23. exd6 Bf6 24. e4 Ne6 25. e5 Bg7 26. h3 1-0

[Event "Oviedo Fapa op"]
[Site "Oviedo"]
[Date "2009.12.28"]
[Round "3"]
[White "Del Valle Rosas, Alfonso"]
[Black "Canteli Quintero, David"]
[Result "1-0"]
[WhiteElo "1789"]
[BlackElo "1528"]
[PlyCount "111"]
[EventDate "2009.12.26"]
[EventType "swiss"]
[EventRounds "9"]
[EventCountry "ESP"]
[SourceTitle "CBM 134 Extra"]
[Source "ChessBase"]
[SourceDate "2010.03.03"]
[SourceVersion "1"]
[SourceVersionDate "2010.03.03"]
[SourceQuality "1"]

1. c4 e6 2. d4 d5 3. Nc3 c6 4. Nf3 f5 5. g3 Bd6 6. Bg2 Nf6 7. Bf4 Bxf4 8. gxf4 Nbd7 9. cxd5 exd5 10. e3 0-0 11. 0-0 Ne4 12. Rc1 Ndf6 13. Ne5 Bd7 14. Qc2 Rc8 15. f3 Nd6 16. Bh3 Qe8 17. Kh1 Qh5 18. Qg2 Rce8 19. Rg1 g6 20. Qg3 Bc8 21. Na4 Nd7 22. Rce1 Rf6 23. Bg2 Rfe6 24. b4 Kg7 25. Nc5 Nxc5 26. bxc5 Nf7 27. a4 a6 28. a5 Kg8 29. Qf2 Qh6 30. Bf1 R8e7 31. Rg3 Nxe5 32. fxe5 Qf8 33. f4 Rg7 34. Bd3 Ree7 35. Reg1 Qd8 36. h4 Ref7 37. h5 Qh4+ 38. Qh2 Qxh2+ 39. Kxh2 gxh5 40. Rg5 Be6 41. Be2 Rxg5 42. Rxg5+ Rg7 43. Rxh5 Bf7 44. Rxf5 Rg6 45. Rg5 Rxg5 46. fxg5 Kg7 47. Kg3 Kg6 48. Kf4 Be6 49. Bg4 Kf7 50. Bxe6+ Kxe6 51. Kg4 Kf7 52. Kh5 Ke6 53. Kh6 Kf5 54. e6 Kxe6 55. Kxh7 b5 56. cxb6 1-0

[Event "Oviedo Fapa op"]
[Site "Oviedo"]
[Date "2009.12.27"]
[Round "2"]
[White "Martinez Rodriguez, Ezequiel"]
[Black "Del Valle Rosas, Alfonso"]
[Result "1-0"]
[WhiteElo "1837"]
[BlackElo "1789"]
[PlyCount "87"]
[EventDate "2009.12.26"]
[EventType "swiss"]
[EventRounds "9"]
[EventCountry "ESP"]
[SourceTitle "CBM 134 Extra"]
[Source "ChessBase"]
[SourceDate "2010.03.03"]
[SourceVersion "1"]
[SourceVersionDate "2010.03.03"]
[SourceQuality "1"]

1. d4 d5 2. c4 c6 3. Nf3 Nf6 4. Nc3 a6 5. cxd5 cxd5 6. a4 Nc6 7. g3 e6 8. Bg2 Bb4 9. 0-0 0-0 10. Bg5 h6 11. Bd2 Bd7 12. e3 Rc8 13. Ne5 Bd6 14. f4 Na5 15. e4 dxe4 16. Nxd7 Nxd7 17. Nxe4 Be7 18. Bc3 Nc4 19. Qd2 Qb6 20. a5 Qb3 21. f5 exf5 22. Rxf5 Rfe8 23. Qf2 Nf6 24. Nxf6+ Bxf6 25. Rxf6 gxf6 26. d5 Nxb2 27. Bxf6 Qc2 28. Qd4 Re2 29. Qg4+ Kf8 30. Qg7+ Ke8 31. Qg8+ Kd7 32. Qxf7+ Kd6 33. Be5+ Rxe5 34. Qf6+ Kc5 35. Qxe5 Nd3 36. Qe3+ Kb4 37. Qd4+ Rc4 38. Qb6+ Kc3 39. Ra3+ Kd2 40. Qxh6+ Nf4 41. Rf3 Qd1+ 42. Rf1 Qe2 43. Rxf4 Qe3+ 44. Rf2+ 1-0